000
00206 a2200097 4500
001
12185
100
_a
Ashraf Ali Tanvi
245
_a
Manajaat-e-Maqbool
260
_a
_b
Sang-e-Meel
_c
090
_c
9399
_d
9399
942
_a
NUST-CAE
_c
M
_c
36265
999
_c
247258
_d
247258